| 000 | 00788nam a2200217 i 4500 | ||
|---|---|---|---|
| 001 | 180145 | ||
| 003 | ES-MaACL | ||
| 005 | 20251220171945.0 | ||
| 008 | 120424s1957 mx |||| | spa d | ||
| 080 | _a164 | ||
| 100 | 1 |
_aGaraudy, Roger. _953935 |
|
| 245 | 1 | 0 |
_aDel empirismo lógico a la semántica / _cRoger Garaudy. |
| 260 |
_aMéxico : _bUniversidad Nacional de México, _c1957. |
||
| 300 |
_ap. 35-52 ; _c23 cm. |
||
| 490 | 1 |
_aSeminario de Problemas Científicos y Filosóficos. Suplementos ; _vII ; _v13 |
|
| 650 | 0 | 4 |
_aSemántica (Filosofía) _917038 |
| 710 | 2 |
_aUniversidad Nacional Autónoma de México. _97397 |
|
| 830 | 0 |
_aSeminario de Problemas Científicos y Filosóficos. Suplementos _vII ; _v13 _9190619 |
|
| 852 |
_aES-MaACL _j2297-F-10 |
||
| 999 |
_c180145 _d180145 |
||